Conspiracy Theories • A-Z - Statistics

General Stats
  • This quiz has been taken 277 times
  • The average score is 15 of 26
Answer Stats
Claim is that.... # Conspiracy Theories and Theorists % Correct
Vaccines cause this in little children A Autism
85%
This was no accident, but an operation by MI6, the French Police, the Queen and the Royal family or someone else? D Diana Assassination
85%
This blood thirsty ex-presidential couple have assassinated 50+ of their associates C Bill and Hillary Clinton
82%
Stanley Kubrick staged and filmed this hoax for NASA just to show off the Soviets M Moon landing faking
82%
They are not there to prevent illnesses but to cause them, and control and dumb down people V Vaccination conspiracy
79%
Area 51 is a hub of this activity U UFO landings
78%
This was a false flag operation to get the US in the WW2 P Pearl Harbour
74%
This desease (along with HIV, HPV, ADHD etc.) was created by the CIA E Ebola
72%
CIA, KGB, Anti-Castro Cubans, Cubans, the Mob, LBJ, G.H.W.Bush, Nixon, Oswald, FBI or someone else did it K John F. Kennedy Assassination
68%
This enlightenment-era secret society from Bavaria has been blamed for the French Revolution and planting agents in governments and corporations ever since I Illuminati
67%
This 90s tv-series brought conspiracy theories to mainstream X The X-Files
64%
This non-human elite-race rules over us L Lizard people
63%
Banking family that rule the World's finances, set up shadow governments, caused the Holocaust, assassinate US presidents, have created every war since 1800s etc... R Rothschilds
62%
This singer-songwriter died in 1966 and was replaced by a look-alike + Paul McCartney
61%
It was not the planes but bombs placed in the cellar by CIA or FBI or Dick Cheney and his cronies or Mossad or Saudis or Taliban or Al-Qaida or someone else W World Trade Center
58%
This 2012 mass-shooting was a hoax to promote gun control and all the victims were just actors S Sandy Hook
56%
Some thought that the year turning from 1999 to 2000 would cause this crises (societal collapse, all computers going mad etc.) Y Y2K
52%
This secritive fraternity from the 14th century is often accused of meddling in politics and finances (with a little help from satanism and occultism) F Freemasons
47%
Right-wing radio host and conspiracist whose website 'infowars.com' is nectar for those thirsty for conspiracy theories (and fake news?) J Alex Jones
39%
This theory has been invented by China to distort and tip the global trade to their advantage G Global Warming
39%
Emerging clandestine totalitarian world government, secretive power elite with a globalist agenda that conspires to rule the world, N New World Order
38%
Timothy McVeigh didn't do it, it was the President and/or the CIA yet again O Oklahoma City Bombing
34%
They are the international bankers, they rule all news media, Hollywood and business life Z Zionist Occupation Government
29%
This US government funded radio-technology research program is actually a weather-controlling system (that may also cause earth quakes?) H HAARP
24%
Group (named after a dutch hotel) of world leaders and business moguls that meet annually to plot world domination B Bilderberg
22%
Non-governmental, non-partisan think tank (founded by David Rockefeller) that controls the flow of events towards a World Government from behind the scenes T Trilateral Commission
4%
No matching quizzes found
Score Distribution
Percent of People with Each Score
Percentile by Number Answered
Your Score History
You have not taken this quiz